00957cam a22002654a 450000100090000000300040000900500170001300800410003001000170007102000300008804000180011805000210013608200140015710000290017124501050020026000620030530000210036750400640038865000260045265000370047890600450051594200120056099900150057295201040058715832805OSt20180117085940.0090724s2009 enk b 001 0 eng  a 2009933390 a9781847207814 (hardcover) aDLCcDLCdDLC00aHD75b.W494 200900a338.92221 aWhite, Colinq(Colin M.)10aUnderstanding economic development :ba global transition from poverty to prosperity /cColin White. aCheltenham, UK ;aNorthampton, MA :bEdward Elgar,c2009. a401 p. ;c24 cm. aIncludes bibliographical references (p. 362-388) and index. 0aEconomic development. 0aGlobalizationxEconomic aspects. a7bcbccorignewd2eepcnf20gy-gencatlg 2ddccBK c2410d2410 00102ddc40708NFICaCLbCLcGENd2015-06-26l0o338.9 WHIpS3H-S-337r2015-06-26w2015-06-26yBK